[Event "MCR druzstev mladsich zaku 2016"]
[Site "Hradec Kralove"]
[Date "2016.06.12"]
[Round "8.2"]
[White "Jirousek (Polabiny A), Jan"]
[Black "Mica (BSS F-M \"A\"), Marek"]
[Result "1/2-1/2"]
[BlackElo "1859"]
[WhiteElo "1633"]
[LiveChessVersion "1.4.8"]

1. d4 {[%clk 0:25:18]} d5 {[%clk 0:25:19]} 2. c4 {[%clk 0:25:27]} c6
{[%clk 0:25:27]} 3. Nf3 {[%clk 0:25:34]} Nf6 {[%clk 0:25:36]} 4. Nc3
{[%clk 0:25:38]} e6 {[%clk 0:25:43]} 5. Bg5 {[%clk 0:25:41]} Nbd7
{[%clk 0:25:51]} 6. cxd5 {[%clk 0:25:40]} cxd5 {[%clk 0:25:38]} 7. e3
{[%clk 0:25:14]} a6 {[%clk 0:25:40]} 8. Bd3 {[%clk 0:25:11]} b5 {[%clk 0:25:44]}
9. O-O {[%clk 0:25:05]} Bb7 {[%clk 0:25:49]} 10. Rc1 {[%clk 0:25:00]} Rc8
{[%clk 0:25:53]} 11. Qe2 {[%clk 0:23:19]} Be7 {[%clk 0:25:52]} 12. Rc2
{[%clk 0:22:56]} O-O {[%clk 0:25:43]} 13. Rfc1 {[%clk 0:22:59]} h6
{[%clk 0:25:42]} 14. Bf4 {[%clk 0:22:58]} Nh5 {[%clk 0:25:17]} 15. Bg3
{[%clk 0:22:52]} Nxg3 {[%clk 0:25:24]} 16. hxg3 {[%clk 0:22:56]} Nf6
{[%clk 0:25:32]} 17. a3 {[%clk 0:22:49]} Qb6 {[%clk 0:25:25]} 18. Na2
{[%clk 0:22:21]} Rxc2 {[%clk 0:25:17]} 19. Rxc2 {[%clk 0:22:07]} Rc8
{[%clk 0:25:22]} 20. Rxc8+ {[%clk 0:22:09]} Bxc8 {[%clk 0:25:29]} 21. Qc2
{[%clk 0:22:16]} Bb7 {[%clk 0:25:29]} 22. b4 {[%clk 0:21:08]} Ne8
{[%clk 0:24:48]} 23. Ne5 {[%clk 0:19:41]} Nd6 {[%clk 0:21:41]} 24. Qc5
{[%clk 0:18:30]} Nc8 {[%clk 0:19:30]} 25. Qc2 {[%clk 0:15:28]} Nd6
{[%clk 0:16:22]} 26. Qc5 {[%clk 0:13:34]} Nc8 {[%clk 0:16:23]} 27. Qc2
{[%clk 0:08:56]} Nd6 {[%clk 0:15:53]} 28. Qc5 {[%clk 0:04:42]} Nc8
{[%clk 0:16:00]} 29. Qc2 {[%clk 0:04:32]} Nd6 {[%clk 0:16:07]} 30. Nc1 Nc4 31.
Bh7+ Nd6 32. Bd3 1/2-1/2

[Event "MCR druzstev mladsich zaku 2016"]
[Site "Hradec Kralove"]
[Date "2016.06.12"]
[Round "8.3"]
[White "Gnojek (BSS F-M \"A\"), Petr"]
[Black "Ret (Polabiny A), Adam Josef"]
[Result "1-0"]
[BlackElo "1460"]
[WhiteElo "1748"]
[LiveChessVersion "1.4.8"]

1. d4 {[%clk 0:25:18]} d5 {[%clk 0:25:19]} 2. Nf3 {[%clk 0:25:27]} e6
{[%clk 0:25:00]} 3. c4 {[%clk 0:25:36]} c6 {[%clk 0:25:07]} 4. Nc3
{[%clk 0:25:43]} Nf6 {[%clk 0:24:39]} 5. Bg5 {[%clk 0:25:51]} Nbd7
{[%clk 0:24:12]} 6. e3 {[%clk 0:25:59]} Bb4 {[%clk 0:22:26]} 7. Bd3
{[%clk 0:25:57]} Qa5 {[%clk 0:21:41]} 8. O-O {[%clk 0:24:07]} Bxc3
{[%clk 0:19:25]} 9. bxc3 {[%clk 0:24:10]} Qxc3 {[%clk 0:18:20]} 10. Rc1
{[%clk 0:22:33]} Qa5 {[%clk 0:18:04]} 11. Qc2 {[%clk 0:21:19]} h6
{[%clk 0:16:09]} 12. Bf4 {[%clk 0:20:30]} O-O {[%clk 0:15:41]} 13. Ne5
{[%clk 0:18:43]} Qd8 {[%clk 0:09:17]} 14. Qe2 {[%clk 0:17:24]} Qe7
{[%clk 0:01:06]} 15. h3 {[%clk 0:16:25]} Re8 {[%clk 0:00:21]} 16. f3
{[%clk 0:15:54]} a6 {[%clk 0:00:25]} 17. e4 {[%clk 0:15:50]} dxc4
{[%clk 0:00:22]} 18. Nxc4 {[%clk 0:15:38]} b5 19. Nd6 {[%clk 0:15:41]} Rf8
{[%clk 0:00:23]} 20. Rxc6 {[%clk 0:15:32]} g5 {[%clk 0:00:17]} 21. Bh2
{[%clk 0:15:14]} b4 {[%clk 0:00:12]} 22. e5 {[%clk 0:15:18]} Nd5 {[%clk 0:00:15]}
23. Qe4 {[%clk 0:14:51]} f5 {[%clk 0:00:24]} 24. exf6 {[%clk 0:14:07]} N7xf6
{[%clk 0:00:20]} 25. Qe2 {[%clk 0:13:16]} Qg7 {[%clk 0:00:23]} 26. Nxc8
{[%clk 0:13:02]} Rfxc8 {[%clk 0:00:30]} 27. Qxe6+ {[%clk 0:13:07]} Kh8
{[%clk 0:00:27]} 28. Rxc8+ {[%clk 0:13:12]} 1-0

[Event "MCR druzstev mladsich zaku 2016"]
[Site "Hradec Kralove"]
[Date "2016.06.12"]
[Round "8.4"]
[White "Pulpan (Polabiny A), Ondrej"]
[Black "Vantuch (BSS F-M \"A\"), Lucian"]
[Result "0-1"]
[BlackElo "1736"]
[WhiteElo "1479"]
[LiveChessVersion "1.4.8"]

1. e4 {[%clk 0:25:17]} c5 {[%clk 0:25:19]} 2. Nf3 {[%clk 0:25:25]} Nc6
{[%clk 0:25:28]} 3. d4 {[%clk 0:25:33]} cxd4 {[%clk 0:25:37]} 4. Nxd4
{[%clk 0:25:39]} g6 {[%clk 0:25:46]} 5. Nc3 {[%clk 0:25:02]} Bg7 {[%clk 0:25:54]}
6. Be3 {[%clk 0:25:05]} Nf6 {[%clk 0:26:03]} 7. Qd2 {[%clk 0:24:56]} O-O
{[%clk 0:26:09]} 8. Bc4 {[%clk 0:24:21]} Nxe4 {[%clk 0:25:14]} 9. Nxe4
{[%clk 0:23:19]} d5 {[%clk 0:25:21]} 10. Nxc6 {[%clk 0:18:40]} bxc6
{[%clk 0:24:59]} 11. O-O-O {[%clk 0:18:25]} Qc7 {[%clk 0:22:39]} 12. Bxd5
{[%clk 0:16:41]} cxd5 {[%clk 0:22:47]} 13. Qxd5 {[%clk 0:16:07]} Be6
{[%clk 0:22:30]} 14. Qd2 {[%clk 0:15:16]} Rab8 {[%clk 0:17:59]} 15. Bd4
{[%clk 0:13:03]} Rfd8 {[%clk 0:16:35]} 16. Qe3 {[%clk 0:11:35]} Rdc8
{[%clk 0:15:00]} 17. Nc3 {[%clk 0:10:34]} Bxd4 {[%clk 0:11:53]} 18. Qxd4
{[%clk 0:08:48]} Bxa2 {[%clk 0:11:46]} 19. Rd2 {[%clk 0:07:56]} Qb7
{[%clk 0:11:00]} 20. Nxa2 {[%clk 0:06:27]} Qb3 {[%clk 0:10:47]} 21. Kb1
{[%clk 0:05:41]} Qa3 {[%clk 0:05:14]} 22. Rd3 {[%clk 0:04:36]} Qa5
{[%clk 0:04:29]} 23. Ra3 {[%clk 0:04:12]} Qxa3 {[%clk 0:04:33]} 24. Rd1
{[%clk 0:03:44]} Qa5 {[%clk 0:03:54]} 25. Rd3 {[%clk 0:03:03]} Qb5
{[%clk 0:03:00]} 26. Rd1 {[%clk 0:02:24]} Rc4 {[%clk 0:02:46]} 27. Qd2
{[%clk 0:01:56]} Qxb2# {[%clk 0:02:53]} 0-1

[Event "MCR druzstev mladsich zaku 2016"]
[Site "Hradec Kralove"]
[Date "2016.06.12"]
[Round "8.5"]
[White "Fizerova (BSS F-M \"A\"), Lucie"]
[Black "Brozka (Polabiny A), Karel"]
[Result "1-0"]
[BlackElo "1485"]
[WhiteElo "1496"]
[LiveChessVersion "1.4.8"]

1. e4 {[%clk 0:24:29]} e6 {[%clk 0:25:17]} 2. d4 {[%clk 0:24:39]} d5
{[%clk 0:25:24]} 3. exd5 {[%clk 0:24:46]} exd5 {[%clk 0:25:30]} 4. Bd3
{[%clk 0:24:54]} c5 {[%clk 0:25:35]} 5. Nf3 {[%clk 0:24:46]} Nc6 {[%clk 0:25:34]}
6. c3 {[%clk 0:24:37]} Bg4 {[%clk 0:25:04]} 7. Bb5 {[%clk 0:23:53]} Nf6
{[%clk 0:24:20]} 8. O-O {[%clk 0:23:50]} a6 {[%clk 0:23:50]} 9. Bxc6+
{[%clk 0:23:53]} bxc6 {[%clk 0:23:57]} 10. Bg5 {[%clk 0:23:32]} cxd4
{[%clk 0:22:54]} 11. cxd4 {[%clk 0:23:34]} Be7 {[%clk 0:22:49]} 12. Re1
{[%clk 0:23:14]} O-O {[%clk 0:22:48]} 13. h3 {[%clk 0:21:17]} Bh5
{[%clk 0:22:40]} 14. Nbd2 {[%clk 0:20:42]} Bb4 {[%clk 0:21:14]} 15. Re3
{[%clk 0:19:24]} Qd6 {[%clk 0:19:59]} 16. a3 {[%clk 0:19:15]} Ba5
{[%clk 0:19:53]} 17. Rc1 {[%clk 0:18:53]} Rfe8 {[%clk 0:19:09]} 18. b4
{[%clk 0:18:44]} Bb6 {[%clk 0:18:48]} 19. Qc2 {[%clk 0:14:44]} Rxe3
{[%clk 0:16:47]} 20. fxe3 {[%clk 0:14:49]} Rc8 {[%clk 0:16:45]} 21. Ne5
{[%clk 0:14:37]} Bg6 {[%clk 0:14:31]} 22. Qc3 {[%clk 0:13:30]} Bf5
{[%clk 0:13:28]} 23. Bf4 {[%clk 0:10:34]} Qe6 {[%clk 0:12:13]} 24. Qb3
{[%clk 0:05:48]} Nh5 {[%clk 0:10:22]} 25. Bh2 {[%clk 0:04:54]} f6
{[%clk 0:09:05]} 26. Nef3 {[%clk 0:03:29]} Be4 {[%clk 0:08:05]} 27. Nxe4
{[%clk 0:02:50]} Qxe4 {[%clk 0:08:10]} 28. a4 {[%clk 0:01:42]} Bc7
{[%clk 0:05:52]} 29. b5 {[%clk 0:00:59]} Bxh2+ {[%clk 0:04:58]} 30. Kxh2
{[%clk 0:01:04]} axb5 {[%clk 0:04:45]} 31. axb5 {[%clk 0:01:07]} Qe6
{[%clk 0:03:22]} 32. g4 {[%clk 0:01:05]} cxb5 {[%clk 0:03:12]} 33. Rxc8+
{[%clk 0:01:10]} Qxc8 {[%clk 0:03:17]} 34. Qxd5+ {[%clk 0:01:18]} Kh8
{[%clk 0:03:20]} 35. gxh5 {[%clk 0:01:04]} Qc2+ {[%clk 0:03:22]} 36. Kg3
{[%clk 0:01:13]} Qc7+ {[%clk 0:03:28]} 37. Kg4 {[%clk 0:01:12]} g6
{[%clk 0:02:57]} 38. hxg6 {[%clk 0:01:07]} hxg6 {[%clk 0:03:04]} 39. Qa8+
{[%clk 0:00:57]} Kh7 {[%clk 0:03:08]} 40. Qe8 {[%clk 0:00:48]} f5+
{[%clk 0:03:15]} 41. Kh4 {[%clk 0:00:49]} f4 {[%clk 0:02:34]} 42. Ng5+
{[%clk 0:00:53]} Kg7 {[%clk 0:02:08]} 43. Ne6+ {[%clk 0:01:00]} Kf6
{[%clk 0:02:17]} 44. Nxc7 {[%clk 0:01:08]} 1-0

[Event "MCR druzstev mladsich zaku 2016"]
[Site "Hradec Kralove"]
[Date "2016.06.12"]
[Round "8.6"]
[White "Sulcova (Polabiny A), Tereza"]
[Black "Fizer (BSS F-M \"A\"), Marek"]
[Result "0-1"]
[BlackElo "1522"]
[WhiteElo "1178"]
[LiveChessVersion "1.4.8"]

1. d4 {[%clk 0:25:16]} Nf6 {[%clk 0:25:17]} 2. Bf4 {[%clk 0:25:20]} e6
{[%clk 0:25:19]} 3. e3 {[%clk 0:25:24]} Bb4+ {[%clk 0:24:59]} 4. c3
{[%clk 0:25:29]} Be7 {[%clk 0:25:02]} 5. Nf3 {[%clk 0:24:49]} O-O
{[%clk 0:24:47]} 6. Be2 {[%clk 0:23:42]} d5 {[%clk 0:24:04]} 7. Nbd2
{[%clk 0:23:07]} Nbd7 {[%clk 0:22:58]} 8. Qc2 {[%clk 0:20:59]} c5
{[%clk 0:21:47]} 9. O-O-O {[%clk 0:19:29]} Qa5 {[%clk 0:21:04]} 10. Kb1
{[%clk 0:19:06]} c4 {[%clk 0:19:50]} 11. Rdg1 {[%clk 0:18:15]} b5
{[%clk 0:19:39]} 12. g4 {[%clk 0:18:06]} b4 {[%clk 0:19:25]} 13. cxb4
{[%clk 0:13:27]} Qxb4 {[%clk 0:17:59]} 14. h4 {[%clk 0:12:12]} a5
{[%clk 0:17:25]} 15. g5 {[%clk 0:12:05]} Nh5 {[%clk 0:17:26]} 16. Ne5
{[%clk 0:10:41]} Nxf4 {[%clk 0:17:16]} 17. exf4 {[%clk 0:10:47]} Nxe5
{[%clk 0:17:02]} 18. fxe5 {[%clk 0:10:49]} Rb8 {[%clk 0:17:07]} 19. h5
{[%clk 0:10:05]} c3 {[%clk 0:16:45]} 20. Nb3 {[%clk 0:09:52]} a4 {[%clk 0:16:40]}
21. Nc1 {[%clk 0:09:35]} Qxd4 {[%clk 0:16:05]} 22. h6 {[%clk 0:09:08]} Rxb2+
{[%clk 0:16:12]} 23. Ka1 {[%clk 0:09:12]} Rxc2 {[%clk 0:16:19]} 0-1

[Event "MCR druzstev mladsich zaku 2016"]
[Site "Hradec Kralove"]
[Date "2016.06.12"]
[Round "8.7"]
[White "Hofman (Novy Bor), Krystof"]
[Black "Nemecek (Ricany A), Lukas"]
[Result "0-1"]
[BlackElo "1522"]
[WhiteElo "1732"]
[LiveChessVersion "1.4.8"]

1. d4 {[%clk 0:25:18]} d5 {[%clk 0:24:58]} 2. c4 {[%clk 0:25:14]} e6
{[%clk 0:24:53]} 3. Nc3 {[%clk 0:25:14]} Nf6 {[%clk 0:24:41]} 4. Nf3
{[%clk 0:25:01]} Be7 {[%clk 0:24:04]} 5. Bg5 {[%clk 0:24:43]} b6 {[%clk 0:23:31]}
6. e3 {[%clk 0:24:40]} Bb7 {[%clk 0:23:23]} 7. Bd3 {[%clk 0:24:38]} Nbd7
{[%clk 0:23:06]} 8. O-O {[%clk 0:24:25]} O-O {[%clk 0:23:07]} 9. Qe2
{[%clk 0:24:18]} Rc8 {[%clk 0:22:36]} 10. Rac1 {[%clk 0:24:05]} c5
{[%clk 0:21:35]} 11. Rfd1 {[%clk 0:23:44]} h6 {[%clk 0:20:57]} 12. Bh4
{[%clk 0:23:18]} Ne4 {[%clk 0:18:14]} 13. Bxe7 {[%clk 0:22:05]} Qxe7
{[%clk 0:18:17]} 14. Bxe4 {[%clk 0:17:57]} dxe4 {[%clk 0:18:24]} 15. Nd2
{[%clk 0:17:54]} f5 {[%clk 0:16:05]} 16. d5 {[%clk 0:13:59]} Nf6 {[%clk 0:15:08]}
17. dxe6 {[%clk 0:10:26]} Qxe6 {[%clk 0:14:45]} 18. b3 {[%clk 0:09:13]} Rfd8
{[%clk 0:14:36]} 19. Nf1 {[%clk 0:07:58]} a6 {[%clk 0:13:49]} 20. a4
{[%clk 0:06:00]} Ng4 {[%clk 0:11:31]} 21. Rd2 {[%clk 0:04:39]} Ne5
{[%clk 0:11:14]} 22. Rcd1 {[%clk 0:04:17]} Rd3 {[%clk 0:10:47]} 23. Rxd3
{[%clk 0:03:02]} Nxd3 {[%clk 0:10:33]} 24. Ng3 {[%clk 0:02:10]} Rd8
{[%clk 0:09:40]} 25. f3 {[%clk 0:02:03]} Qe5 {[%clk 0:08:51]} 26. Na2
{[%clk 0:01:43]} Rd6 {[%clk 0:07:43]} 27. f4 {[%clk 0:01:25]} Qf6
{[%clk 0:07:21]} 28. h3 {[%clk 0:00:48]} g6 {[%clk 0:06:39]} 29. Kh2
{[%clk 0:00:41]} h5 {[%clk 0:05:49]} 30. Nc1 {[%clk 0:00:38]} Nxc1
{[%clk 0:04:52]} 31. Rxc1 {[%clk 0:00:45]} Qd8 {[%clk 0:04:56]} 32. Qb2
{[%clk 0:00:39]} Kf7 {[%clk 0:04:10]} 33. Qe5 {[%clk 0:00:27]} Qf6
{[%clk 0:04:11]} 34. Qxf6+ {[%clk 0:00:17]} Kxf6 {[%clk 0:04:19]} 35. Rc3
{[%clk 0:00:26]} Rd2 {[%clk 0:04:04]} 36. h4 {[%clk 0:00:26]} Bc6
{[%clk 0:03:40]} 37. Kg1 {[%clk 0:00:12]} Ke6 {[%clk 0:03:28]} 38. Kf1
{[%clk 0:00:11]} Kd6 {[%clk 0:03:30]} 39. Kg1 {[%clk 0:00:19]} b5
{[%clk 0:03:33]} 40. cxb5 {[%clk 0:00:14]} axb5 {[%clk 0:03:40]} 41. axb5
{[%clk 0:00:23]} Bxb5 {[%clk 0:03:49]} 42. Kh2 {[%clk 0:00:11]} Bd3
{[%clk 0:03:51]} 43. Kg1 {[%clk 0:00:16]} Kc6 {[%clk 0:03:52]} 44. b4
{[%clk 0:00:22]} c4 {[%clk 0:03:59]} 45. Ra3 {[%clk 0:00:18]} Kb5
{[%clk 0:03:53]} 46. Ra5+ {[%clk 0:00:15]} Kxb4 {[%clk 0:04:00]} 47. Ra6
{[%clk 0:00:24]} c3 {[%clk 0:04:08]} 48. Rxg6 {[%clk 0:00:29]} c2
{[%clk 0:04:14]} 49. Rc6 {[%clk 0:00:37]} Rd1+ {[%clk 0:04:19]} 50. Kf2
{[%clk 0:00:44]} c1=Q {[%clk 0:04:27]} 51. Rxc1 {[%clk 0:00:52]} Rxc1
{[%clk 0:04:34]} 52. Nxf5 {[%clk 0:00:57]} Rc2+ {[%clk 0:04:09]} 53. Kg1
{[%clk 0:01:06]} Be2 {[%clk 0:04:01]} 54. Nd4 {[%clk 0:01:03]} Rd2
{[%clk 0:03:47]} 55. g3 {[%clk 0:00:56]} Bf3 {[%clk 0:03:46]} 56. Nxf3
{[%clk 0:00:51]} exf3 {[%clk 0:03:55]} 57. f5 {[%clk 0:00:57]} Kc5
{[%clk 0:03:55]} 58. e4 {[%clk 0:00:58]} Re2 {[%clk 0:03:49]} 59. f6
{[%clk 0:00:56]} Kd6 {[%clk 0:03:58]} 60. e5+ {[%clk 0:01:02]} Rxe5
{[%clk 0:04:01]} 61. Kf2 {[%clk 0:01:09]} Rf5 {[%clk 0:04:10]} 62. f7
{[%clk 0:00:59]} Rxf7 {[%clk 0:04:15]} 0-1

[Event "MCR druzstev mladsich zaku 2016"]
[Site "Hradec Kralove"]
[Date "2016.06.12"]
[Round "8.8"]
[White "Macok (Ricany A), Martin"]
[Black "Hurtik (Novy Bor), Matej"]
[Result "0-1"]
[BlackElo "1531"]
[WhiteElo "1419"]
[LiveChessVersion "1.4.8"]

1. e4 {[%clk 0:25:17]} c5 {[%clk 0:25:15]} 2. Nf3 {[%clk 0:25:22]} Nc6
{[%clk 0:25:23]} 3. d4 {[%clk 0:25:18]} cxd4 {[%clk 0:25:29]} 4. Nxd4
{[%clk 0:25:25]} e5 {[%clk 0:25:36]} 5. Nf3 {[%clk 0:25:11]} Nf6 {[%clk 0:25:39]}
6. Nc3 {[%clk 0:24:46]} Bb4 {[%clk 0:25:46]} 7. Bd3 {[%clk 0:24:26]} d5
{[%clk 0:25:30]} 8. exd5 {[%clk 0:23:36]} Qxd5 {[%clk 0:25:11]} 9. Be2
{[%clk 0:21:06]} Qa5 {[%clk 0:23:29]} 10. Bd2 {[%clk 0:19:21]} O-O
{[%clk 0:23:08]} 11. a3 {[%clk 0:17:56]} Bxc3 {[%clk 0:23:04]} 12. Bxc3
{[%clk 0:17:43]} Qc7 {[%clk 0:23:09]} 13. O-O {[%clk 0:16:45]} Rd8
{[%clk 0:23:14]} 14. Qc1 {[%clk 0:16:07]} Bg4 {[%clk 0:23:05]} 15. h3
{[%clk 0:15:02]} Bh5 {[%clk 0:23:12]} 16. Re1 {[%clk 0:14:15]} Rd7
{[%clk 0:23:00]} 17. Ng5 {[%clk 0:12:19]} Bg6 {[%clk 0:21:41]} 18. Rd1
{[%clk 0:10:58]} Nd5 {[%clk 0:19:25]} 19. Nf3 {[%clk 0:08:25]} Rad8
{[%clk 0:19:22]} 20. Rd2 {[%clk 0:06:26]} e4 {[%clk 0:17:36]} 21. Nd4
{[%clk 0:04:08]} Nxd4 {[%clk 0:16:09]} 22. Bxd4 {[%clk 0:02:50]} Nf4
{[%clk 0:16:14]} 23. c3 {[%clk 0:02:26]} Qb8 {[%clk 0:13:53]} 24. Be3
{[%clk 0:01:20]} Rxd2 {[%clk 0:13:57]} 25. Bxd2 {[%clk 0:01:16]} Nxe2+
{[%clk 0:14:05]} 26. Kf1 {[%clk 0:01:13]} Nxc1 {[%clk 0:14:12]} 27. Rxc1
{[%clk 0:01:20]} Rxd2 {[%clk 0:14:19]} 28. Ke2 0-1

[Event "MCR druzstev mladsich zaku 2016"]
[Site "Hradec Kralove"]
[Date "2016.06.12"]
[Round "8.9"]
[White "Sichrovsky (Novy Bor), Tomas"]
[Black "Strnadova (Ricany A), Monika"]
[Result "1-0"]
[BlackElo "1486"]
[WhiteElo "1411"]
[LiveChessVersion "1.4.8"]

1. d4 {[%clk 0:25:17]} d5 {[%clk 0:25:10]} 2. c4 {[%clk 0:25:24]} e6
{[%clk 0:25:13]} 3. Nc3 {[%clk 0:25:31]} Nf6 {[%clk 0:25:14]} 4. Nf3
{[%clk 0:25:36]} Nc6 {[%clk 0:24:52]} 5. Bf4 {[%clk 0:25:34]} Bb4
{[%clk 0:24:39]} 6. e3 {[%clk 0:25:32]} Ne4 {[%clk 0:24:31]} 7. Qc2
{[%clk 0:25:32]} Bd7 {[%clk 0:23:03]} 8. Be2 {[%clk 0:24:41]} O-O
{[%clk 0:20:01]} 9. O-O {[%clk 0:24:42]} a6 {[%clk 0:18:17]} 10. Nxe4
{[%clk 0:24:41]} dxe4 {[%clk 0:18:20]} 11. Qxe4 {[%clk 0:24:41]} Re8
{[%clk 0:17:06]} 12. a3 {[%clk 0:23:17]} Ba5 {[%clk 0:16:24]} 13. Rac1
{[%clk 0:22:15]} Bb6 {[%clk 0:14:24]} 14. Rfd1 {[%clk 0:21:07]} Rc8
{[%clk 0:12:06]} 15. b4 {[%clk 0:19:16]} g6 {[%clk 0:09:44]} 16. d5
{[%clk 0:17:56]} exd5 {[%clk 0:06:43]} 17. Qxd5 {[%clk 0:17:52]} Be6
{[%clk 0:06:26]} 18. Qxd8 {[%clk 0:17:24]} Rexd8 {[%clk 0:06:32]} 19. Rxd8+
{[%clk 0:17:25]} Nxd8 {[%clk 0:06:38]} 20. c5 {[%clk 0:17:21]} Ba7
{[%clk 0:06:33]} 21. Bc4 {[%clk 0:17:13]} Bxc4 {[%clk 0:05:54]} 22. Rxc4
{[%clk 0:17:21]} b6 {[%clk 0:06:00]} 23. cxb6 {[%clk 0:17:22]} Bxb6
{[%clk 0:05:55]} 24. a4 {[%clk 0:17:06]} a5 {[%clk 0:05:57]} 25. b5
{[%clk 0:17:06]} Ne6 {[%clk 0:05:49]} 26. Be5 {[%clk 0:16:22]} f5
{[%clk 0:04:37]} 27. g3 {[%clk 0:15:27]} Kf7 {[%clk 0:04:28]} 28. Nd4
{[%clk 0:15:25]} Ng5 {[%clk 0:03:55]} 29. Kg2 {[%clk 0:14:50]} h5
{[%clk 0:02:42]} 30. h4 {[%clk 0:14:30]} Ne4 {[%clk 0:02:30]} 31. f3
{[%clk 0:13:04]} Nd2 {[%clk 0:02:01]} 32. Rc2 {[%clk 0:12:40]} Nb1
{[%clk 0:02:02]} 33. Kh3 {[%clk 0:10:28]} Na3 {[%clk 0:01:59]} 34. Rc3
{[%clk 0:10:27]} Nb1 {[%clk 0:02:06]} 35. Rc6 {[%clk 0:10:05]} Re8
{[%clk 0:00:34]} 36. f4 {[%clk 0:07:19]} 1-0

[Event "MCR druzstev mladsich zaku 2016"]
[Site "Hradec Kralove"]
[Date "2016.06.12"]
[Round "8.10"]
[White "Hampl (Ricany A), David"]
[Black "Dolensky (Novy Bor), Filip"]
[Result "0-1"]
[BlackElo "1572"]
[WhiteElo "1390"]
[LiveChessVersion "1.4.8"]

1. e4 {[%clk 0:25:17]} c5 {[%clk 0:25:11]} 2. Nf3 {[%clk 0:25:22]} e6
{[%clk 0:25:04]} 3. d4 {[%clk 0:25:22]} cxd4 {[%clk 0:24:58]} 4. Nxd4
{[%clk 0:25:28]} a6 {[%clk 0:24:49]} 5. Be3 {[%clk 0:25:18]} Qc7 {[%clk 0:24:42]}
6. a3 {[%clk 0:24:10]} Nf6 {[%clk 0:24:26]} 7. Nc3 {[%clk 0:24:09]} b6
{[%clk 0:23:38]} 8. f3 {[%clk 0:23:51]} Be7 {[%clk 0:23:39]} 9. Bc4
{[%clk 0:23:47]} Qxc4 {[%clk 0:23:21]} 10. Qd2 {[%clk 0:21:30]} Qc7 11. Nb3
{[%clk 0:19:41]} d6 {[%clk 0:22:17]} 12. Na4 {[%clk 0:19:02]} Nbd7
{[%clk 0:22:14]} 13. Qf2 {[%clk 0:18:48]} Nc5 {[%clk 0:22:20]} 14. Nbxc5
{[%clk 0:17:32]} bxc5 {[%clk 0:22:20]} 15. O-O {[%clk 0:17:25]} Bd7
{[%clk 0:21:44]} 16. Nc3 {[%clk 0:16:54]} O-O {[%clk 0:21:34]} 17. Qg3
{[%clk 0:16:46]} g6 {[%clk 0:19:45]} 18. Rad1 {[%clk 0:16:02]} Nh5
{[%clk 0:19:20]} 19. Qf2 {[%clk 0:14:25]} Ng7 {[%clk 0:19:08]} 20. Qg3
{[%clk 0:13:58]} Rad8 {[%clk 0:18:09]} 21. Rfe1 {[%clk 0:11:32]} Bc6
{[%clk 0:16:55]} 22. Re2 {[%clk 0:10:42]} Rd7 {[%clk 0:16:42]} 23. Red2
{[%clk 0:09:07]} Rfd8 {[%clk 0:16:25]} 24. Qf2 {[%clk 0:06:15]} Bb7
{[%clk 0:14:10]} 25. g4 {[%clk 0:05:53]} d5 {[%clk 0:13:46]} 26. exd5
{[%clk 0:04:52]} exd5 {[%clk 0:13:53]} 27. Na4 {[%clk 0:03:05]} d4
{[%clk 0:13:43]} 28. Bh6 {[%clk 0:02:18]} Ne6 {[%clk 0:13:26]} 29. Qf1
{[%clk 0:00:38]} Bg5 {[%clk 0:13:04]} 30. Bxg5 {[%clk 0:00:35]} Nxg5
{[%clk 0:13:12]} 31. b3 {[%clk 0:00:23]} Nxf3+ {[%clk 0:13:18]} 32. Kf2
{[%clk 0:00:19]} Qxh2+ {[%clk 0:13:22]} 33. Qg2 {[%clk 0:00:22]} Qxg2+
{[%clk 0:13:27]} 34. Kxg2 {[%clk 0:00:30]} Nxd2+ {[%clk 0:13:34]} 35. Kg3
{[%clk 0:00:36]} Ne4+ {[%clk 0:13:38]} 36. Kh2 {[%clk 0:00:30]} d3
{[%clk 0:13:37]} 37. cxd3 {[%clk 0:00:26]} Rxd3 {[%clk 0:13:46]} 38. Re1
{[%clk 0:00:21]} Rxb3 {[%clk 0:13:53]} 0-1